Catálogo público

Container corrosion : shelf life guide for metal cans / (Record no. 177282)

MARC details
000 -CABECERA
campo de control de longitud fija 00835nam a2200265Ia 4500
001 - NÚMERO DE CONTROL
campo de control dia_6074
003 - IDENTIFICADOR DEL NÚMERO DE CONTROL
campo de control CHAP
005 - FECHA Y HORA DE LA ÚLTIMA TRANSACCIÓN
campo de control 20230628130015.0
008 - DATOS DE LONGITUD FIJA--INFORMACIÓN GENERAL
campo de control de longitud fija 220117s2002 xx 000 0 und d
010 ## - NÚMERO DE CONTROL DE LA BIBLIOTECA DEL CONGRESO
Número de control de LC 177282
040 ## - FUENTE DE LA CATALOGACIÓN
Centro/agencia transcriptor CHAP
082 ## - NÚMERO DE LA CLASIFICACIÓN DECIMAL DEWEY
Número de clasificación 664.0282 C43 2002
100 ## - ENTRADA PRINCIPAL--NOMBRE DE PERSONA
Nombre de persona Charbonneau, James
9 (RLIN) 160781
245 ## - MENCIÓN DE TÍTULO
Título Container corrosion : shelf life guide for metal cans /
Mención de responsabilidad, etc. James Charbonneau
260 ## - PUBLICACIÓN, DISTRIBUCIÓN, ETC.
Lugar de publicación, distribución, etc. Estados Unidos de América :
Nombre del editor, distribuidor, etc. National Food Processors Association,
Fecha de publicación, distribución, etc. 2002
300 ## - DESCRIPCIÓN FÍSICA
Extensión iv, 27 p.
504 ## - NOTA DE BIBLIOGRAFÍA, ETC.
Nota de bibliografía, etc. Bibliografía: p. 25-26
590 ## - NOTA LOCAL (RLIN)
Nota local TP374.5 C66 2002
650 ## - PUNTO DE ACCESO ADICIONAL DE MATERIA--TÉRMINO DE MATERIA
Término de materia o nombre geográfico como elemento de entrada Cans
Subdivisión general Deterioration
9 (RLIN) 160782
650 ## - PUNTO DE ACCESO ADICIONAL DE MATERIA--TÉRMINO DE MATERIA
Término de materia o nombre geográfico como elemento de entrada Latas de conserva
Subdivisión general Dererioro
9 (RLIN) 160783
901 ## - ELEMENTOS DE DATOS A LOCAL LDA (RLIN)
a 664.0282 C43 2002
902 ## - ELEMENTOS DE DATOS B LOCAL, LDB (RLIN)
a M
905 ## - ELEMENTOS DE DATOS E LOCAL, LDE (RLIN)
a 5232272002 -USDN 8222123322ENG16
942 ## - ELEMENTOS DE PUNTO DE ACCESO ADICIONAL (KOHA)
Tipo de ítem Koha Libro
Fuente del sistema de clasificación o colocación Dewey Decimal Classification
Holdings
Estado de retiro Estado de pérdida Fuente del sistema de clasificación o colocación Estado dañado No para préstamo Código de colección Localización permanente Ubicación/localización actual Fecha de adquisición Información codificada de la localización en otra ubicación Total de préstamos Signatura topográfica completa Código de barras Fecha visto por última vez Número de copia Precio válido a partir de Tipo de ítem Koha
    Dewey Decimal Classification     General Ingenieria Agroindustrial Ingenieria Agroindustrial 18/01/2022 1   664.0282 C43 2002 dia_009661 18/01/2022 1 18/01/2022 Libro